Statistics for Eminem - Recovery tracks.

Click here to take the quiz!

General Stats

  • This quiz has been taken 224 times
  • The average score is 11 of 17

Answer Stats

Answer% Correct
Not Afraid
87%
Love The Way You Lie
85%
Cold Wind Blows
76%
Space Bound
75%
No Love
69%
Talkin' 2 Myself
66%
Won't Back Down
65%
25 To Life
63%
WTP
63%
Cinderella Man
59%
Going Through Changes
57%
Untitled
57%
On Fire
56%
Seduction
55%
Almost Famous
50%
So Bad
50%
You're Never Over
49%

Score Distribution

Percentile by Number Answered

Percent of People with Each Score

Your Score History

You have not taken this quiz